|
|
|
|
| LEADER |
00000nam0a2200000 4500 |
| 001 |
302882 |
| 005 |
20231102001540.0 |
| 020 |
|
|
|a RU
|b 82-92600
|
| 035 |
|
|
|a (RuTPU)RU\TPU\book\328099
|
| 090 |
|
|
|a 302882
|
| 100 |
|
|
|a 20150827d1982 km y0rusy5003 ca
|
| 101 |
0 |
|
|a rus
|
| 102 |
|
|
|a UZ
|
| 105 |
|
|
|a a z 001zy
|
| 200 |
1 |
|
|a Интерпретация результатов геофизических методов разведки при гидрогеологических исследованиях в Узбекистане
|f К. Р. Умурзаков, А. В. Корянов
|g Институт гидрогеологии и инженерной геологии (Гидроингео)
|
| 210 |
|
|
|a Ташкент
|c Фан
|d 1982
|
| 215 |
|
|
|a 200 с.
|c ил.
|
| 320 |
|
|
|a Библиогр.: с. 192-199
|
| 606 |
1 |
|
|a Гидрогеологические исследования
|x Методика
|2 stltpush
|3 (RuTPU)RU\TPU\subj\6619
|9 34454
|
| 610 |
1 |
|
|a воды подземные
|
| 610 |
1 |
|
|a геофизическая разведка
|
| 610 |
1 |
|
|a интерпретация результатов
|
| 610 |
1 |
|
|a поиски
|
| 610 |
1 |
|
|a разведка
|
| 610 |
1 |
|
|a грунтовые воды
|
| 610 |
1 |
|
|a залегание
|
| 610 |
1 |
|
|a электрическое зондирование
|
| 610 |
1 |
|
|a геодинамика
|
| 610 |
1 |
|
|a поверхностные воды
|
| 675 |
|
|
|a 556.3.01
|z rus
|v 3
|
| 700 |
|
1 |
|a Умурзаков
|b К. Р.
|g Кимсан Рустамович
|4 070
|
| 701 |
|
1 |
|a Корянов
|b А. В.
|g Анатолий Васильевич
|4 070
|
| 712 |
0 |
2 |
|a Институт гидрогеологии и инженерной геологии (Гидроингео)
|c (Ташкент)
|2 stltpush
|3 (RuTPU)RU\TPU\col\17073
|
| 801 |
|
0 |
|a RU
|b RuMRKP
|c 19950704
|g psbo
|
| 801 |
|
1 |
|a RU
|b 63413507
|c 20150827
|
| 801 |
|
2 |
|a RU
|b 63413507
|c 20190625
|g RCR
|
| 942 |
|
|
|c BK
|